| 000 -LEADER |
| fixed length control field |
00496nam a2200133 4500 |
| 008 - FIXED-LENGTH DATA ELEMENTS--GENERAL INFORMATION |
| fixed length control field |
191226b ||||| |||| 00| 0 eng d |
| 245 ## - TITLE STATEMENT |
| Title |
A critical assessment of the Draft National Education Policy, 2019: Jawaharlal Nehru University Teachers Association (JNUTA) |
| 260 ## - PUBLICATION, DISTRIBUTION, ETC. (IMPRINT) |
| Name of publisher, distributor, etc |
Social Scientist |
| 300 ## - PHYSICAL DESCRIPTION |
| Extent |
47(9-10), Sep-Oct, 2019: p.27-49. |
| 650 ## - SUBJECT ADDED ENTRY--TOPICAL TERM |
| Topical term or geographic name as entry element |
Draft National Education Policy 2019 |
| 9 (RLIN) |
14893 |
| 773 ## - HOST ITEM ENTRY |
| Main entry heading |
Social Scientist |
| 906 ## - LOCAL DATA ELEMENT F, LDF (RLIN) |
| Subject DIP |
Educational policy - India |
| 942 ## - ADDED ENTRY ELEMENTS (KOHA) |
| Source of classification or shelving scheme |
|
| Item type |
Articles |